Mondo Agnelli (Record no. 85064)

MARC details
000 -LEADER
fixed length control field 00634nam a22002177a 4500
003 - CONTROL NUMBER IDENTIFIER
control field URS
005 - DATE AND TIME OF LATEST TRANSACTION
control field 20250828100515.0
008 - FIXED-LENGTH DATA ELEMENTS--GENERAL INFORMATION
fixed length control field 250326b ||||| |||| 00| 0 eng d
040 ## - CATALOGING SOURCE
Transcribing agency URS
050 ## - LIBRARY OF CONGRESS CALL NUMBER
Classification number HD9710.I84
Item number .C547 2012
100 ## - MAIN ENTRY--PERSONAL NAME
9 (RLIN) 11701
Personal name Clark, Jeniffer
245 ## - TITLE STATEMENT
Title Mondo Agnelli
Remainder of title Fiat, Chrysler, and the Power of a Dynasty
264 ## - PRODUCTION, PUBLICATION, DISTRIBUTION, MANUFACTURE, AND COPYRIGHT NOTICE
Place of production, publication, distribution, manufacture Hoboken, New Jersey
Name of producer, publisher, distributor, manufacturer John Wiley & Sons
Date of production, publication, distribution, manufacture, or copyright notice ©2012
336 ## - CONTENT TYPE
Source rdacontent
Content type term text
337 ## - MEDIA TYPE
Source rdamedia
Media type term unmediated
338 ## - CARRIER TYPE
Source rdacarrier
Carrier type term volume
650 #0 - SUBJECT ADDED ENTRY--TOPICAL TERM
9 (RLIN) 11702
Topical term or geographic name entry element Fiat (Firm)
General subdivision History
650 #0 - SUBJECT ADDED ENTRY--TOPICAL TERM
9 (RLIN) 11703
Topical term or geographic name entry element Agnelli Family
650 #0 - SUBJECT ADDED ENTRY--TOPICAL TERM
9 (RLIN) 11704
Topical term or geographic name entry element Fiat (Firm)
942 ## - ADDED ENTRY ELEMENTS (KOHA)
Source of classification or shelving scheme Library of Congress Classification
Koha item type Continuing Resources
Holdings
Withdrawn status Source of classification or shelving scheme Damaged status Not for loan Collection code Home library Current library Date acquired Total Checkouts Full call number Barcode Date last seen Price effective from Koha item type
  Library of Congress Classification     Non-fiction Morong Graduate Library Morong Graduate Library 03/26/2025   HD9710.I84 .C547 2012 URSMOR-GL-5628 03/26/2025 03/26/2025 Continuing Resources

University of Rizal System
Email us at univlibservices@urs.edu.ph

Visit our Website www.urs.edu.ph/library